00480 2200193 4500001002100000005001500021008004100036020002100077035002500098041000800123082000800131090000800139245004100147250001600188260003400204300002800238650001000266650001000276INLIS00000000001754420130516035848 ind  a978-89-384-690-3 a0010-051300000017544 aind aFik aFik aSiapa yang Akan Memasang Lonceng c.1 aCetakan : 1 aJakartabPT Gading Inti Prima a16 hlm. : ilus. ;22 cm. aFiksi aFabel